Repertorio mundial de instituciones de ciencias sociales 1982
Guardado en:
| Autor Corporativo: | |
|---|---|
| Formato: | Texto |
| Publicado: |
Paris:
UNESCO
|
| Edición: | 3 |
| Etiquetas: |
Agregar Etiqueta
Sin Etiquetas, Sea el primero en etiquetar este registro!
|
MARC
| LEADER | 00000 a a2200000 04500 | ||
|---|---|---|---|
| 001 | 22206 | ||
| 003 | |||
| 040 | |||
| 020 | |a 92-3-002007-9 | ||
| 090 | |a 161400 | ||
| 110 | |a UNESCO. Centro de Documentación | ||
| 245 | |a Repertorio mundial de instituciones de ciencias sociales 1982 | ||
| 250 | |a 3 | ||
| 260 | |a Paris: |b UNESCO | ||
| 300 | |a 535 p. | ||
| 999 | |c 14565 |d 14565 | ||



